[Event "XIX Magistral de Elgoibar"]
[Site "Elgoibar"]
[Date "2009.??.??"]
[Round "1.1"]
[White "Paunovic, Dragan"]
[Black "Korneev, Oleg"]
[Result "1/2-1/2"]
[WhiteElo "2554"]
[BlackElo "2571"]
[PlyCount "29"]
[EventDate "2009.12.10"]
[EventType "tourn"]
[EventRounds "9"]

1. Nf3 d5 2. d4 Nf6 3. c4 c6 4. e3 Bf5 5. Nc3 e6 6. Bd3 Bxd3 7. Qxd3 Nbd7 8.
O-O Bb4 9. Bd2 a5 10. Rfd1 O-O 11. a3 Be7 12. e4 dxe4 13. Nxe4 Nxe4 14. Qxe4
Nf6 15. Qe2 1/2-1/2

[Event "XIX Magistral de Elgoibar"]
[Site "Elgoibar"]
[Date "2009.??.??"]
[Round "1.2"]
[White "Berbatov, Kiprian"]
[Black "Cruz, Cristhian"]
[Result "1-0"]
[WhiteElo "2463"]
[BlackElo "2523"]
[PlyCount "59"]
[EventDate "2009.12.10"]
[EventType "tourn"]
[EventRounds "9"]

1. e4 c5 2. Nf3 e6 3. d4 cxd4 4. Nxd4 Nc6 5. Nc3 Qc7 6. f4 a6 7. Be3 b5 8. Bd3
Bb7 9. Nb3 d6 10. O-O Nf6 11. Qf3 h5 12. h3 Be7 13. Rae1 Nd7 14. Qf2 Bf6 15. e5
dxe5 16. f5 Ne7 17. fxe6 fxe6 18. Nc5 Nxc5 19. Bxc5 Nf5 20. Bb6 Qd7 21. Ne4 Bh4
22. g3 Be7 23. Nc5 Bxc5 24. Qxc5 Rh6 25. Bxf5 exf5 26. Rxf5 Qxf5 27. Rxe5+ Qxe5
28. Qxe5+ Kf8 29. Bd4 Rh7 30. Qc7 1-0

[Event "XIX Magistral de Elgoibar"]
[Site "Elgoibar"]
[Date "2009.??.??"]
[Round "1.3"]
[White "Astasio Lopez, David"]
[Black "Franco Ocampos, Zenon"]
[Result "0-1"]
[WhiteElo "2340"]
[BlackElo "2516"]
[PlyCount "112"]
[EventDate "2009.12.10"]
[EventType "tourn"]
[EventRounds "9"]

1. d4 Nf6 2. Nf3 d6 3. Nbd2 Nbd7 4. e4 e5 5. c3 Be7 6. Bc4 O-O 7. O-O exd4 8.
cxd4 d5 9. exd5 Nb6 10. Bd3 Nbxd5 11. Nc4 c6 12. h3 Re8 13. Bd2 h6 14. Re1 Bb4
15. Rxe8+ Qxe8 16. Nfe5 Be6 17. a3 Bxd2 18. Qxd2 Rd8 19. Re1 Qe7 20. b4 Qc7 21.
Rc1 a6 22. Na5 Bc8 23. Nb3 Qd6 24. Nc5 Nc7 25. Rd1 Ne6 26. Qa2 Nd5 27. Qb2 Ndf4
28. Qb3 Nxd3 29. Rxd3 Qd5 30. Qxd5 Rxd5 31. Nc4 Nf4 32. Rd2 Rxd4 33. Rxd4 Ne2+
34. Kh2 Nxd4 35. Nb6 Be6 36. Nxb7 Nc2 37. Nc5 Nxa3 38. Nxa6 Nc2 39. Kg3 Kf8 40.
Na4 Ke7 41. N4c5 Kd6 42. Nb7+ Ke5 43. f4+ Kd4 44. Nd8 Bd5 45. Nc7 Nxb4 46. Nxd5
cxd5 47. Nxf7 Ke3 48. Kg4 d4 49. Ne5 d3 50. Kf5 Kf2 51. Nxd3+ Nxd3 52. g4 Nxf4
53. Kxf4 g5+ 54. Kf5 Kg3 55. Ke4 Kxh3 56. Kf3 Kh4 0-1

[Event "XIX Magistral de Elgoibar"]
[Site "Elgoibar"]
[Date "2009.??.??"]
[Round "1.5"]
[White "Franco Alonso, Alejandro"]
[Black "Huerga Leache, Mikel"]
[Result "0-1"]
[WhiteElo "2463"]
[BlackElo "2435"]
[PlyCount "64"]
[EventDate "2009.12.10"]
[EventType "tourn"]
[EventRounds "9"]

1. d4 d5 2. c4 c6 3. Nf3 Nf6 4. e3 Bf5 5. Nc3 e6 6. Nh4 Be4 7. f3 Bg6 8. Qb3
Qb6 9. Nxg6 hxg6 10. Bd2 Nbd7 11. g3 g5 12. Qc2 g4 13. c5 Qd8 14. f4 b6 15. b4
g5 16. fxg5 Nh5 17. Bg2 a5 18. b5 bxc5 19. bxc6 Nb6 20. O-O cxd4 21. Nb5 Bg7
22. exd4 Nc4 23. a4 Qb6 24. Qd3 O-O 25. Rac1 Nb2 26. Qe2 Nxa4 27. Qxg4 Qxb5 28.
Qxh5 Qd3 29. Rcd1 Nb2 30. Bf4 Nxd1 31. Rxd1 Qh7 32. Qe2 a4 0-1

[Event "XIX Magistral de Elgoibar"]
[Site "Elgoibar"]
[Date "2009.??.??"]
[Round "2.1"]
[White "Korneev, Oleg"]
[Black "Huerga Leache, Mikel"]
[Result "1/2-1/2"]
[WhiteElo "2571"]
[BlackElo "2435"]
[PlyCount "53"]
[EventDate "2009.12.10"]
[EventType "tourn"]
[EventRounds "9"]

1. e4 c5 2. Nf3 Nc6 3. d4 cxd4 4. Nxd4 e6 5. Nc3 Qc7 6. Be3 a6 7. Qd2 Nf6 8.
O-O-O Bb4 9. f3 O-O 10. g4 Ne5 11. g5 Nh5 12. Rg1 Bxc3 13. Qxc3 Qxc3 14. bxc3
Ng6 15. Nb3 f6 16. Bc5 Rf7 17. Bd6 fxg5 18. Rxg5 Nf6 19. Bd3 Nh4 20. Nd4 Ne8
21. e5 Nxf3 22. Nxf3 Rxf3 23. c4 Rf7 24. c5 Nxd6 25. exd6 Rb8 26. a4 b6 27. Kd2
1/2-1/2

[Event "XIX Magistral de Elgoibar"]
[Site "Elgoibar"]
[Date "2009.??.??"]
[Round "2.2"]
[White "Mirzoev, Azer"]
[Black "Franco Alonso, Alejandro"]
[Result "1/2-1/2"]
[WhiteElo "2617"]
[BlackElo "2463"]
[PlyCount "33"]
[EventDate "2009.12.10"]
[EventType "tourn"]
[EventRounds "9"]

1. d4 Nf6 2. c4 e6 3. Nc3 Bb4 4. e3 b6 5. Qc2 Bb7 6. Nf3 Ne4 7. Bd3 f5 8. O-O
Bxc3 9. bxc3 O-O 10. Nd2 Qh4 11. f3 Nxd2 12. Bxd2 Nc6 13. e4 fxe4 14. Bxe4 Na5
15. Rfe1 Bxe4 16. Rxe4 Qh5 17. c5 1/2-1/2

[Event "XIX Magistral de Elgoibar"]
[Site "Elgoibar"]
[Date "2009.??.??"]
[Round "2.3"]
[White "Franco Ocampos, Zenon"]
[Black "Larino Nieto, David"]
[Result "1/2-1/2"]
[WhiteElo "2516"]
[BlackElo "2467"]
[PlyCount "56"]
[EventDate "2009.12.10"]
[EventType "tourn"]
[EventRounds "9"]

1. d4 Nf6 2. Nf3 g6 3. c4 Bg7 4. Nc3 O-O 5. e4 d6 6. Be2 Na6 7. Bf4 Nh5 8. Bg5
h6 9. Be3 e5 10. Qd2 Kh7 11. O-O-O Qe8 12. h3 f5 13. exf5 gxf5 14. g4 f4 15.
gxh5 fxe3 16. fxe3 exd4 17. Nxd4 Qe5 18. Bg4 Nc5 19. Rhf1 Be6 20. Nxe6 Nxe6 21.
Nd5 Rae8 22. Rxf8 Rxf8 23. Bxe6 Qxe6 24. Qd3+ Kh8 25. Nf4 Qf6 26. Rd2 Re8 27.
Rf2 Qg5 28. Rg2 Qf6 1/2-1/2

[Event "XIX Magistral de Elgoibar"]
[Site "Elgoibar"]
[Date "2009.??.??"]
[Round "2.4"]
[White "Cruz, Cristhian"]
[Black "Astasio Lopez, David"]
[Result "1/2-1/2"]
[WhiteElo "2523"]
[BlackElo "2340"]
[PlyCount "89"]
[EventDate "2009.12.10"]
[EventType "tourn"]
[EventRounds "9"]

1. d4 d5 2. c4 e6 3. Nc3 Nf6 4. cxd5 exd5 5. Bg5 Be7 6. e3 O-O 7. Qc2 c6 8. Bd3
Nbd7 9. Nge2 Re8 10. O-O Nf8 11. f3 Ng6 12. Kh1 Nh5 13. Bxe7 Qxe7 14. e4 dxe4
15. fxe4 Be6 16. e5 Rad8 17. Bf5 c5 18. Nb5 cxd4 19. Nd6 Rxd6 20. exd6 Qxd6 21.
Qa4 Re7 22. Bxe6 Rxe6 23. Qxd4 Qe7 24. Nc3 h6 25. Rad1 Kh7 26. Nd5 Qg5 27. Qd2
Qh4 28. Qf2 Qg4 29. Rde1 Rd6 30. Ne3 Qg5 31. Qxf7 Nf6 32. Qxb7 Rd2 33. Qb4 Rd3
34. Nf5 Rd2 35. Qb7 Nh5 36. Qe4 Nhf4 37. Ne7 Rd4 38. Qc2 Rc4 39. Qf2 Nxe7 40.
b3 Nd3 41. Qe2 Nf4 42. Qf2 Nd3 43. Qe2 Nf4 44. Qf2 Nd3 45. Qe2 1/2-1/2

[Event "XIX Magistral de Elgoibar"]
[Site "Elgoibar"]
[Date "2009.??.??"]
[Round "2.5"]
[White "Paunovic, Dragan"]
[Black "Berbatov, Kiprian"]
[Result "1/2-1/2"]
[WhiteElo "2554"]
[BlackElo "2463"]
[PlyCount "84"]
[EventDate "2009.12.10"]
[EventType "tourn"]
[EventRounds "9"]

1. Nf3 Nf6 2. g3 g6 3. Bg2 Bg7 4. O-O O-O 5. d4 d6 6. c4 Nbd7 7. Qc2 e5 8. Rd1
Qe7 9. Nc3 c6 10. e4 exd4 11. Nxd4 a6 12. h3 Rb8 13. a4 a5 14. Be3 Re8 15. Re1
Nc5 16. Rad1 Nfd7 17. f4 Qd8 18. Nb3 Qb6 19. Nxc5 Nxc5 20. Rxd6 Qb4 21. Rd2 Be6
22. Na2 Qxa4 23. Qxa4 Nxa4 24. b3 Nc3 25. e5 Nxa2 26. Rxa2 Red8 27. Bb6 Rd3 28.
Re3 Rxe3 29. Bxe3 Rd8 30. Rxa5 h5 31. Be4 Bxh3 32. Ra7 Rd7 33. Bc5 Kh7 34. Bd6
Rxd6 35. exd6 Bd4+ 36. Kh2 Bxa7 37. Kxh3 f5 38. Bf3 Bc5 39. d7 Be7 40. b4 Kg7
41. b5 cxb5 42. cxb5 b6 1/2-1/2

[Event "XIX Magistral de Elgoibar"]
[Site "Elgoibar"]
[Date "2009.??.??"]
[Round "3.1"]
[White "Berbatov, Kiprian"]
[Black "Korneev, Oleg"]
[Result "0-1"]
[WhiteElo "2463"]
[BlackElo "2571"]
[PlyCount "62"]
[EventDate "2009.12.10"]
[EventType "tourn"]
[EventRounds "9"]

1. e4 c6 2. d4 d5 3. e5 Bf5 4. Nc3 a6 5. Be3 e6 6. g4 Bg6 7. Nge2 c5 8. h4 cxd4
9. Nxd4 h5 10. f4 hxg4 11. f5 Rxh4 12. Rg1 exf5 13. Bg2 Bb4 14. Qd2 Nc6 15.
O-O-O Bxc3 16. bxc3 Nxd4 17. Qxd4 g3 18. Qxd5 Qxd5 19. Bxd5 Ne7 20. Bxb7 Rb8
21. Bxa6 f4 22. Ba7 Ra8 23. Bb5+ Kf8 24. Bc5 Rh2 25. Bd3 Bxd3 26. Rxd3 g5 27.
Rd7 Rxa2 28. Bxe7+ Ke8 29. Rb7 Ra1+ 30. Kb2 Rxg1 31. Bf6 Rhh1 0-1

[Event "XIX Magistral de Elgoibar"]
[Site "Elgoibar"]
[Date "2009.??.??"]
[Round "3.2"]
[White "Astasio Lopez, David"]
[Black "Paunovic, Dragan"]
[Result "0-1"]
[WhiteElo "2340"]
[BlackElo "2554"]
[PlyCount "118"]
[EventDate "2009.12.10"]
[EventType "tourn"]
[EventRounds "9"]

1. d4 d6 2. Nf3 g6 3. e4 Bg7 4. Bc4 Nf6 5. Qe2 c6 6. O-O d5 7. exd5 cxd5 8. Bd3
Nc6 9. c3 O-O 10. h3 Nd7 11. Bf4 Re8 12. Nbd2 e5 13. Nxe5 Ndxe5 14. dxe5 Nxe5
15. Rfe1 Bd7 16. Bxe5 Rxe5 17. Qf3 Bc6 18. Rxe5 Bxe5 19. Qe3 Bc7 20. Nf3 Qd6
21. Qd4 Bb6 22. Qe5 Qf8 23. Rd1 Re8 24. Qf4 Re7 25. Qh4 Qe8 26. Bf1 Kg7 27. Nd4
h6 28. Rd3 Re4 29. Qg3 Bxd4 30. cxd4 Bb5 31. Re3 Bxf1 32. Kxf1 Qb5+ 33. Kg1
Qxb2 34. Rxe4 Qb1+ 35. Re1 Qxe1+ 36. Kh2 Qe4 37. Qc3 b6 38. a3 h5 39. Qd2 h4
40. f3 Qe7 41. Qd3 Qc7+ 42. Kg1 Qc1+ 43. Kh2 b5 44. Qxb5 Qf4+ 45. Kh1 Qxd4 46.
a4 Qc4 47. Qd7 a6 48. Qd6 Qxa4 49. Qe5+ Kg8 50. Qxd5 a5 51. Qe5 Qb4 52. Qe8+
Kg7 53. Qe5+ Kh7 54. Qf6 Kg8 55. f4 a4 56. Qxh4 a3 57. Qd8+ Kg7 58. Qd5 Qb2 59.
f5 a2 0-1

[Event "XIX Magistral de Elgoibar"]
[Site "Elgoibar"]
[Date "2009.??.??"]
[Round "3.3"]
[White "Larino Nieto, David"]
[Black "Cruz, Cristhian"]
[Result "1/2-1/2"]
[WhiteElo "2467"]
[BlackElo "2523"]
[PlyCount "281"]
[EventDate "2009.12.10"]
[EventType "tourn"]
[EventRounds "9"]

1. e4 c5 2. Nc3 Nc6 3. g3 g6 4. Bg2 Bg7 5. d3 d6 6. f4 e6 7. Nf3 Nge7 8. O-O
O-O 9. Be3 b6 10. Bf2 Ba6 11. Re1 Qd7 12. d4 cxd4 13. Nxd4 Rac8 14. Qd2 Na5 15.
Rad1 Nc4 16. Qc1 e5 17. Nde2 exf4 18. Nxf4 Nxb2 19. Bh3 Qe8 20. Qxb2 Rxc3 21.
e5 Rf3 22. Rxd6 Qb8 23. Qb4 Bb7 24. Qc4 Bxe5 25. Rd7 Rc3 26. Qe2 Bxf4 27. Rxe7
Bd6 28. Qd2 Bxe7 29. Qxc3 Qd6 30. Bg2 Bf6 31. Qb3 Bxg2 32. Kxg2 Rc8 33. Kg1 Qd2
34. Qf3 Kg7 35. Rd1 Qxc2 36. g4 Rc3 37. Qd5 Rc4 38. h3 Qe4 39. g5 Be5 40. Qxe4
Rxe4 41. Rd7 Ra4 42. Rd5 Ba1 43. Rd2 h6 44. gxh6+ Kxh6 45. Kg2 Bf6 46. Rc2 Rb4
47. Rc7 Rb2 48. Kf3 Rxa2 49. Rxf7 Ra3+ 50. Kg4 Ra4+ 51. Kf3 Bg5 52. Bg3 a5 53.
Bd6 Bd8 54. Rf8 Bh4 55. Rb8 Rc4 56. Rxb6 a4 57. Rb7 Bf6 58. Rf7 Kg5 59. Ra7
Rc3+ 60. Ke4 Rc4+ 61. Kf3 Kf5 62. Ra5+ Ke6 63. Ra6 g5 64. Bb4+ Kf5 65. Ra5+ Kg6
66. Rxa4 Rf4+ 67. Kg3 Rh4 68. Kg2 Rc4 69. Kf3 Rd4 70. Kg2 Rh4 71. Kf1 Re4 72.
Kg2 Rf4 73. Kg3 Be5 74. Ra5 Bb8 75. Rxg5+ Kh6 76. Kg2 Rxb4 77. Rf5 Kg6 78. Rf8
Be5 79. Rf3 Kg5 80. Ra3 Kf4 81. Rf3+ Ke4 82. Rf1 Bf4 83. Re1+ Be3 84. Re2 Rb8
85. h4 Rg8+ 86. Kh3 Kf3 87. Rb2 Rg3+ 88. Kh2 Rg1 89. Rb3 Re1 90. h5 Kg4 91. Rb2
Bf4+ 92. Kg2 Re3 93. Rf2 Bg5 94. Rc2 Kxh5 95. Rc4 Kg6 96. Kf2 Ra3 97. Ke2 Bf6
98. Rf4 Kf7 99. Re4 Kg6 100. Rf4 Kg5 101. Rf3 Ra1 102. Kd3 Be5 103. Ke4 Bf4
104. Rf2 Re1+ 105. Kd3 Kf5 106. Re2 Rd1+ 107. Kc2 Rd8 108. Kc3 Be5+ 109. Kc2
Ke6 110. Rd2 Rc8+ 111. Kd3 Rc3+ 112. Ke2 Kf5 113. Rd3 Rc4 114. Kf3 Rh4 115. Ke2
Bf4 116. Rd4 Rh3 117. Rc4 Ke5 118. Ra4 Re3+ 119. Kd1 Rc3 120. Ke2 Be3 121. Ra8
Bd4 122. Re8+ Kd5 123. Kd2 Rf3 124. Ke2 Rf2+ 125. Kd3 Rf3+ 126. Ke2 Ra3 127.
Kd2 Be5 128. Rd8+ Ke4 129. Kc2 Rc3+ 130. Kd2 Rb3 131. Re8 Rb2+ 132. Kc1 Rg2
133. Kb1 Kd4 134. Kc1 Kc3 135. Kd1 Bd4 136. Re2 Rg3 137. Rc2+ Kd3 138. Rd2+ Ke4
139. Re2+ Be3 140. Rh2 Kd3 141. Rd2+ 1/2-1/2

[Event "XIX Magistral de Elgoibar"]
[Site "Elgoibar"]
[Date "2009.??.??"]
[Round "3.4"]
[White "Franco Alonso, Alejandro"]
[Black "Franco Ocampos, Zenon"]
[Result "1/2-1/2"]
[WhiteElo "2463"]
[BlackElo "2516"]
[PlyCount "62"]
[EventDate "2009.12.10"]
[EventType "tourn"]
[EventRounds "9"]

1. d4 Nf6 2. c4 e6 3. g3 c5 4. Nf3 cxd4 5. Nxd4 Qc7 6. b3 Bb4+ 7. Bd2 Be7 8.
Bg2 a6 9. O-O Nc6 10. e3 O-O 11. Nc3 Rd8 12. Rc1 Ba3 13. Nxc6 dxc6 14. Rc2 e5
15. Qe2 Bg4 16. Bf3 Bxf3 17. Qxf3 Qd7 18. Bc1 Qd3 19. Qe2 Qxe2 20. Nxe2 Bxc1
21. Rfxc1 Ne4 22. Nc3 Nxc3 23. Rxc3 Rd2 24. R3c2 Rad8 25. Kf1 Kf8 26. Ke1 R2d3
27. Ke2 Ke7 28. b4 Ke6 29. b5 axb5 30. cxb5 cxb5 31. Rb1 R8d7 1/2-1/2

[Event "XIX Magistral de Elgoibar"]
[Site "Elgoibar"]
[Date "2009.??.??"]
[Round "3.5"]
[White "Huerga Leache, Mikel"]
[Black "Mirzoev, Azer"]
[Result "1/2-1/2"]
[WhiteElo "2435"]
[BlackElo "2617"]
[PlyCount "119"]
[EventDate "2009.12.10"]
[EventType "tourn"]
[EventRounds "9"]

1. e4 e6 2. d4 d5 3. Nc3 Bb4 4. e5 Ne7 5. a3 Bxc3+ 6. bxc3 c5 7. Qg4 O-O 8. Nf3
Nd7 9. Bd3 f5 10. Qh3 Nb6 11. Rg1 c4 12. Be2 Qe8 13. Ng5 h6 14. Nf3 Qg6 15. Nh4
Qh7 16. g4 f4 17. g5 hxg5 18. Rxg5 Qxc2 19. Bd2 Qe4 20. O-O-O Qxe2 21. Rdg1 Rf7
22. Ng6 Nxg6 23. Rxg6 Qxf2 24. R6g2 Qxg1+ 25. Rxg1 Bd7 26. Qg4 f3 27. Qg5 f2
28. Rf1 Kh8 29. Qh4+ Kg8 30. Qg4 Kh8 31. Qh5+ Kg8 32. Qg6 Raf8 33. Bh6 Re7 34.
Be3 Rf3 35. Kd2 Ref7 36. h4 Nc8 37. h5 Ne7 38. Qg4 Kh7 39. Ke2 R3f5 40. Rxf2
Rxf2+ 41. Bxf2 Rf5 42. Qh4 Nc6 43. Be3 Be8 44. Bg5 b5 45. h6 g6 46. Bd2 a5 47.
Ke1 Bf7 48. Qg4 Be8 49. Qh4 Bf7 50. Kd1 Be8 51. Ke2 Bf7 52. Be3 Be8 53. Qh1 g5
54. Qb1 Kxh6 55. Kd2 Ne7 56. Qh1+ Kg7 57. Qg1 Kg6 58. Qh1 Kg7 59. Qg1 Kh6 60.
Qh1+ 1/2-1/2

[Event "XIX Magistral de Elgoibar"]
[Site "Elgoibar"]
[Date "2009.??.??"]
[Round "4.1"]
[White "Korneev, Oleg"]
[Black "Mirzoev, Azer"]
[Result "1/2-1/2"]
[WhiteElo "2571"]
[BlackElo "2617"]
[PlyCount "31"]
[EventDate "2009.12.10"]
[EventType "tourn"]
[EventRounds "9"]

1. e4 e5 2. Bc4 Nf6 3. d3 c6 4. Nf3 d5 5. Bb3 Bd6 6. Nc3 dxe4 7. Nxe4 Nxe4 8.
dxe4 O-O 9. O-O Na6 10. Bg5 Qc7 11. c3 Nc5 12. Bc2 a5 13. Qe2 Bg4 14. h3 Bh5
15. Rad1 a4 16. a3 1/2-1/2

[Event "XIX Magistral de Elgoibar"]
[Site "Elgoibar"]
[Date "2009.??.??"]
[Round "4.2"]
[White "Franco Ocampos, Zenon"]
[Black "Huerga Leache, Mikel"]
[Result "1/2-1/2"]
[WhiteElo "2516"]
[BlackElo "2435"]
[PlyCount "49"]
[EventDate "2009.12.10"]
[EventType "tourn"]
[EventRounds "9"]

1. Nf3 d5 2. c4 c6 3. d4 Nf6 4. Nc3 a6 5. a4 e6 6. Bg5 a5 7. e3 Be7 8. Be2 O-O
9. O-O b6 10. Ne5 Nfd7 11. Bxe7 Qxe7 12. f4 Bb7 13. Rc1 Na6 14. Bd3 Nb4 15. Bb1
Nxe5 16. fxe5 f6 17. Qh5 f5 18. cxd5 Nxd5 19. Nxd5 cxd5 20. Bd3 Rac8 21. Bb5 g6
22. Qe2 Rc7 23. Rc3 Rxc3 24. bxc3 Rc8 25. Qb2 1/2-1/2

[Event "XIX Magistral de Elgoibar"]
[Site "Elgoibar"]
[Date "2009.??.??"]
[Round "4.3"]
[White "Cruz, Cristhian"]
[Black "Franco Alonso, Alejandro"]
[Result "1-0"]
[WhiteElo "2523"]
[BlackElo "2463"]
[PlyCount "99"]
[EventDate "2009.12.10"]
[EventType "tourn"]
[EventRounds "9"]

1. d4 Nf6 2. c4 e6 3. Nc3 Bb4 4. Qc2 O-O 5. a3 Bxc3+ 6. Qxc3 b6 7. Bg5 Ba6 8.
Qf3 Nc6 9. e3 Na5 10. Rc1 c5 11. d5 exd5 12. cxd5 Bxf1 13. Kxf1 Ne4 14. Bxd8
Nd2+ 15. Ke2 Nxf3 16. Nxf3 Rfxd8 17. b4 Nb7 18. bxc5 Nxc5 19. Rc4 Re8 20. Rhc1
g6 21. g4 Kg7 22. R1c2 Re7 23. a4 d6 24. h3 Rae8 25. Nd4 Re5 26. Nb5 R5e7 27.
Rd2 Rd7 28. Rd1 h5 29. Nd4 hxg4 30. hxg4 Re4 31. f3 Re8 32. Rh1 Re5 33. e4 Nxe4
34. fxe4 Rxe4+ 35. Kf3 Re5 36. Rd1 Rde7 37. Rc3 Re8 38. Nb5 Rd8 39. Re3 a6 40.
Rxe5 dxe5 41. Nc7 Rd7 42. d6 f5 43. g5 Kf7 44. Nxa6 Rd8 45. d7 Ke7 46. Nb4 e4+
47. Kf4 Rxd7 48. Nc6+ Ke6 49. Rxd7 Kxd7 50. Ne5+ 1-0

[Event "XIX Magistral de Elgoibar"]
[Site "Elgoibar"]
[Date "2009.??.??"]
[Round "4.4"]
[White "Paunovic, Dragan"]
[Black "Larino Nieto, David"]
[Result "1-0"]
[WhiteElo "2554"]
[BlackElo "2467"]
[PlyCount "129"]
[EventDate "2009.12.10"]
[EventType "tourn"]
[EventRounds "9"]

1. Nf3 Nf6 2. g3 c5 3. Bg2 Nc6 4. O-O e5 5. c4 d5 6. Qa4 Bd6 7. Ng5 Bd7 8. cxd5
Nb4 9. Qd1 Nfxd5 10. d4 Bc6 11. a3 Na6 12. Qb3 e4 13. Bxe4 Be7 14. Nc3 Bxg5 15.
Bxd5 Bxd5 16. Nxd5 O-O 17. Qxb7 cxd4 18. Qxa6 Qxd5 19. Bxg5 Qxg5 20. Rfd1 Qe5
21. Rd2 g6 22. Rad1 Rfe8 23. b4 h5 24. Rxd4 Qxe2 25. Qxe2 Rxe2 26. Rd8+ Rxd8
27. Rxd8+ Kg7 28. Rd7 a5 29. bxa5 Re5 30. a6 Ra5 31. a7 Rxa3 32. Kf1 Kf6 33.
Ke2 Ke6 34. Rb7 f6 35. h4 Kf5 36. Rg7 g5 37. Kd2 gxh4 38. gxh4 Kf4 39. Kc2 f5
40. Kb2 Ra6 41. Kb3 Kf3 42. Kb4 Kxf2 43. Kb5 Ra1 44. Kb6 Rb1+ 45. Kc7 Ra1 46.
Kb8 Rb1+ 47. Rb7 Re1 48. Rb3 Re8+ 49. Kb7 Re7+ 50. Ka6 Re6+ 51. Ka5 Re1 52. Ra3
Re8 53. Kb6 f4 54. a8=Q Rxa8 55. Rxa8 Kg3 56. Kc5 Kxh4 57. Kd4 Kg3 58. Ke4 h4
59. Ra3+ Kg4 60. Ra7 Kg3 61. Rg7+ Kf2 62. Kxf4 h3 63. Ra7 h2 64. Ra2+ Kg1 65.
Kg3 1-0

[Event "XIX Magistral de Elgoibar"]
[Site "Elgoibar"]
[Date "2009.??.??"]
[Round "4.5"]
[White "Berbatov, Kiprian"]
[Black "Astasio Lopez, David"]
[Result "1-0"]
[WhiteElo "2463"]
[BlackElo "2340"]
[PlyCount "69"]
[EventDate "2009.12.10"]
[EventType "tourn"]
[EventRounds "9"]

1. e4 c5 2. Nf3 e6 3. d4 cxd4 4. Nxd4 Nf6 5. Nc3 Nc6 6. Ndb5 Bb4 7. a3 Bxc3+ 8.
Nxc3 d5 9. exd5 exd5 10. Bd3 O-O 11. O-O d4 12. Ne2 Bg4 13. Bg5 Qd6 14. Qd2
Bxe2 15. Bf4 Qd5 16. Bxe2 Rfe8 17. Rfe1 Re7 18. Bf3 Ne4 19. Qd3 Rae8 20. Re2
Qf5 21. g3 Qg6 22. Rae1 f5 23. b4 a6 24. a4 Kh8 25. b5 axb5 26. axb5 Na7 27. h4
h6 28. h5 Qb6 29. Bxe4 fxe4 30. Rxe4 Rxe4 31. Rxe4 Rxe4 32. Qxe4 Nxb5 33. Qe8+
Kh7 34. Be5 Nc7 35. Qg6+ 1-0

[Event "XIX Magistral de Elgoibar"]
[Site "Elgoibar"]
[Date "2009.??.??"]
[Round "5.1"]
[White "Astasio Lopez, David"]
[Black "Korneev, Oleg"]
[Result "0-1"]
[WhiteElo "2340"]
[BlackElo "2571"]
[PlyCount "84"]
[EventDate "2009.12.10"]
[EventType "tourn"]
[EventRounds "9"]

1. d4 d5 2. Nf3 Nf6 3. Nbd2 c6 4. c3 Bf5 5. Nh4 Be4 6. f3 Bg6 7. Nxg6 hxg6 8.
e4 e6 9. Bd3 c5 10. dxc5 Bxc5 11. Qe2 Nc6 12. exd5 Qxd5 13. Ne4 O-O-O 14. Nxc5
Qxc5 15. Be3 Qe5 16. O-O-O Nd5 17. Bd2 Nf4 18. Bxf4 Qxf4+ 19. Qd2 g5 20. Qxf4
gxf4 21. h3 Ne5 22. Kc2 f6 23. b3 Nxd3 24. Rxd3 Rxd3 25. Kxd3 Kd7 26. c4 e5 27.
Rd1 Ke6 28. Ke2 g5 29. Rd5 f5 30. a4 Rg8 31. Rc5 g4 32. hxg4 fxg4 33. Kf2 g3+
34. Kf1 Rh8 35. Rc7 Rh1+ 36. Ke2 Rg1 37. Rxb7 Rxg2+ 38. Kf1 Rf2+ 39. Kg1 Rxf3
40. b4 Rc3 41. Kg2 e4 42. c5 Rc2+ 0-1

[Event "XIX Magistral de Elgoibar"]
[Site "Elgoibar"]
[Date "2009.??.??"]
[Round "5.2"]
[White "Larino Nieto, David"]
[Black "Berbatov, Kiprian"]
[Result "0-1"]
[WhiteElo "2467"]
[BlackElo "2463"]
[PlyCount "66"]
[EventDate "2009.12.10"]
[EventType "tourn"]
[EventRounds "9"]

1. e4 c5 2. Nf3 d6 3. d4 cxd4 4. Qxd4 a6 5. Bg5 Nc6 6. Qd2 h6 7. Be3 Nf6 8. Nc3
e6 9. h3 Be7 10. g4 b5 11. Bd3 Bb7 12. Rg1 Rc8 13. O-O-O Nd7 14. Kb1 Nce5 15.
Nxe5 Nxe5 16. Qe2 Qa5 17. Rc1 Bf6 18. Bd2 Qc7 19. f3 g5 20. Nd1 Ke7 21. Rf1 Ng6
22. c4 Nf4 23. Bxf4 gxf4 24. Nf2 bxc4 25. Bxc4 Qb6 26. Nd3 Qe3 27. Qd1 h5 28.
Qb3 Rb8 29. Bxa6 Bxa6 30. Rc7+ Kf8 31. Qxb8+ Kg7 32. Rxf7+ Kxf7 33. Qc7+ Be7
0-1

[Event "XIX Magistral de Elgoibar"]
[Site "Elgoibar"]
[Date "2009.??.??"]
[Round "5.3"]
[White "Franco Alonso, Alejandro"]
[Black "Paunovic, Dragan"]
[Result "1/2-1/2"]
[WhiteElo "2463"]
[BlackElo "2554"]
[PlyCount "27"]
[EventDate "2009.12.10"]
[EventType "tourn"]
[EventRounds "9"]

1. d4 d6 2. Nf3 Nf6 3. c4 g6 4. Nc3 Bg7 5. e4 O-O 6. Be2 c5 7. O-O cxd4 8. Nxd4
Nc6 9. Be3 Bd7 10. f3 Qb6 11. Na4 Qa5 12. Nc3 Qb6 13. Na4 Qa5 14. Nc3 1/2-1/2

[Event "XIX Magistral de Elgoibar"]
[Site "Elgoibar"]
[Date "2009.??.??"]
[Round "5.4"]
[White "Huerga Leache, Mikel"]
[Black "Cruz, Cristhian"]
[Result "1-0"]
[WhiteElo "2435"]
[BlackElo "2523"]
[PlyCount "73"]
[EventDate "2009.12.10"]
[EventType "tourn"]
[EventRounds "9"]

1. e4 c5 2. Nf3 d6 3. d4 Nf6 4. Nc3 cxd4 5. Nxd4 a6 6. Be3 e5 7. Nf3 Be7 8. Bc4
O-O 9. O-O Nc6 10. Qe2 Na5 11. Bb3 Nxb3 12. axb3 h6 13. Rfd1 Qe8 14. Nd2 b5 15.
b4 Bb7 16. f3 d5 17. Nxd5 Nxd5 18. exd5 Bxd5 19. c3 Qc6 20. Bf2 Rfe8 21. Ne4
Bf8 22. Qe3 Kh8 23. Nc5 e4 24. fxe4 Bxe4 25. Nxe4 Rxe4 26. Qf3 Qe6 27. Rd7 Qxd7
28. Qxe4 Re8 29. Qd4 Qf5 30. h3 Re2 31. Rf1 Be7 32. Qa7 Qe6 33. b3 Bf6 34. Qa8+
Kh7 35. Qf3 Rb2 36. Re1 Qxb3 37. Qf5+ 1-0

[Event "XIX Magistral de Elgoibar"]
[Site "Elgoibar"]
[Date "2009.??.??"]
[Round "5.5"]
[White "Mirzoev, Azer"]
[Black "Franco Ocampos, Zenon"]
[Result "1-0"]
[WhiteElo "2617"]
[BlackElo "2516"]
[PlyCount "93"]
[EventDate "2009.12.10"]
[EventType "tourn"]
[EventRounds "9"]

1. Nf3 c5 2. c4 Nf6 3. Nc3 Nc6 4. g3 d5 5. cxd5 Nxd5 6. Bg2 Nc7 7. O-O e5 8. d3
Be7 9. Nd2 Bd7 10. Nc4 f6 11. f4 b5 12. Ne3 Rc8 13. a4 b4 14. Nb5 exf4 15. gxf4
Nxb5 16. axb5 Nd4 17. Rxa7 Nxb5 18. Ra6 O-O 19. Nc4 Nd4 20. e3 Bb5 21. Ra1 Nf5
22. Bh3 Bd7 23. Qf3 Kh8 24. Qd5 Nd6 25. Bxd7 Qxd7 26. Nb6 Qc6 27. Qxc6 Rxc6 28.
Nd5 Re8 29. Bd2 Bf8 30. Rfe1 Rcc8 31. Kf2 Nf5 32. Ra7 Rcd8 33. e4 Nd4 34. Be3
Nb3 35. Re2 f5 36. Kf3 Re6 37. h4 g6 38. h5 gxh5 39. Rh2 Rh6 40. Rf7 fxe4+ 41.
dxe4 Bg7 42. f5 Nd4+ 43. Kf2 Rf8 44. Rxf8+ Bxf8 45. Bxh6 Bxh6 46. Rxh5 Kg7 47.
e5 1-0

[Event "XIX Magistral de Elgoibar"]
[Site "Elgoibar"]
[Date "2009.??.??"]
[Round "6.1"]
[White "Korneev, Oleg"]
[Black "Franco Ocampos, Zenon"]
[Result "1/2-1/2"]
[WhiteElo "2571"]
[BlackElo "2516"]
[PlyCount "57"]
[EventDate "2009.12.10"]
[EventType "tourn"]
[EventRounds "9"]

1. e4 c5 2. Nf3 Nc6 3. d4 cxd4 4. Nxd4 Nf6 5. Nc3 d6 6. Bg5 Bd7 7. Qd2 Rc8 8.
O-O-O Nxd4 9. Qxd4 Qa5 10. Bd2 g6 11. Kb1 Bg7 12. Nb5 Qb6 13. Qxb6 axb6 14. f3
Bc6 15. Be3 Nd7 16. Bd4 O-O 17. b3 Nc5 18. Bc4 Rfd8 19. Kb2 Kf8 20. Rhe1 Rd7
21. b4 Na6 22. Kb3 Bxd4 23. Rxd4 Nc7 24. a4 Bxb5 25. axb5 e6 26. e5 Rcd8 27.
Rxd6 Rxd6 28. exd6 Ne8 29. g4 1/2-1/2